00534nam a22001812 4500001001100000005001700011008004100028020001700069040001500086100003000101245004000131250001300171260004900184300001700233500006400250650003500314852000300349000001203120151217152106.0090126s xx 000 0 eng d a1591859604 : aKABUcKABU1 aBevere, John.@000016108310aEnemy access denied /cJohn Bevere. a1st ed. aLake Mary, Florida :bCharisma House,c2006. avii, 187 p. aPreviously published as The Devil's door by Charisma House. 0aSpiritual warfare.@00001494721